| 000 | 00683nam a2200205 a 4500 | ||
|---|---|---|---|
| 003 | AM-YEHGA | ||
| 040 | _aAM-YeHGA | ||
| 090 | _c456165 | ||
| 001 | 000505636 | ||
| 005 | 20250617160436.0 | ||
| 008 | 061025s1927 ai r 000 0 arm d | ||
| 041 | 0 | _aarm | |
| 245 | 0 | 0 |
_aԿանոնադրություն հողոգտագործման արտելի : _b(կոլլեկտիվ տնտեսության) / _c«Հայգյուղկոոպ». |
| 260 |
_aՅերեվան : _bԱ. հ., _c1927. |
||
| 300 |
_a36 էջ ; _c17 սմ. |
||
| 650 | 1 | 4 | _aԿոլեկտիվ տնտեսություններ |
| 653 | 1 | _aՀողօգտագործում | |
| 710 | 2 | _a«Հայգյուղկոոպ» | |
| 942 |
_2udc _cBK |
||
| 999 |
_c453194 _d453194 |
||